000 00945 a2200265 4500
003 Nust
005 20170207154011.0
010 _a 00502146
020 _a1565923588
035 _a(DLC)11946414
040 _cNust
082 0 0 _a005.268
100 1 _aLomax, Paul.
245 1 0 _aVB & VBA in a nutshell -(E-BOOK)
_cPaul Lomax.
246 3 _aVB and VBA in a nutshell
250 _a1st ed.
260 _aBeijing ;
_aSebastopol, CA. :
_bO'Reilly & Associates,
_cc1998.
300 _axiv, 633 p. ;
_c23 cm.
500 _aIncludes index.
505 _aPart 1: The Basics Part 2: Reference Part 3: Appendixes
650 _aE-BOOK
856 4 2 _3Contributor biographical information
_uhttp://www.loc.gov/catdir/enhancements/fy0912/00502146-b.html
856 4 2 _3Publisher description
_uhttp://www.loc.gov/catdir/enhancements/fy0715/00502146-d.html
856 4 2 _3Table of contents only
_uhttp://www.loc.gov/catdir/enhancements/fy1008/00502146-t.html
942 _2ddc
_cBK
999 _c191204
_d191204